| 000 | 01070cam a2200133 4500500 | ||
|---|---|---|---|
| 005 | 20260329043056.0 | ||
| 041 | _afre | ||
| 042 | _adc | ||
| 100 | 1 | 0 |
_aHempel, Carl _eauthor |
| 245 | 0 | 0 | _aÉléments d'épistémologie |
| 260 |
_bArmand Colin,
_c2023. |
||
| 520 | _aS’interrogeant sur la démarche scientifique, Carl Hempel en déploie successivement les diverses opérations : concepts, hypothèses, lois et contrôles. Chacune de ces opérations concoure à la construction d’une théorie. Cette démarche est animée par la volonté de donner une explication. Non pas une explication qui consiste à invoquer une cause factice, mais une explication qui rend possible la précision extrême à laquelle les sciences de la nature nous ont habitués. La concurrence entre théories conduit alors à un approfondissement continuel. Et l’auteur complète sa reconstruction rationnelle par une prise en compte de la dynamique de la science. | ||
| 856 | 4 | 1 | _uhttps://shs.cairn.info/elements-d-epistemologie--9782200635367?lang=fr&redirect-ssocas=7080 |
| 999 |
_c1982791 _d1982790 |
||